[Event "Mondiale Lampo FIDE 2017"]
[Site "Riyadh"]
[Date "30.12.2017"]
[Round "20.45"]
[White "Khairat, Ahmed"]
[Black "Ganguly, Surya Shekhar"]
[Result "0-1"]
[WhiteTitle "CM"]
[BlackTitle "GM"]
[WhiteElo "2211"]
[BlackElo "2650"]
[WhiteFideId "10624171"]
[BlackFideId "5002150"]
[EventDate "2017.12.29"]

1. e4 c5 2. Nf3 e6 3. d4 cxd4 4. Nxd4 Nc6 5. Nc3 Qc7 6. Bg5 a6 7. Nxc6 bxc6 8.
Bd3 Rb8 9. Qd2 Rxb2 10. a3 Be7 11. Bf4 e5 12. Bg3 d6 13. O-O Nf6 14. f4 O-O 15.
f5 d5 16. Kh1 d4 17. Ne2 c5 18. Qc1 Rb6 19. c3 Rc6 20. cxd4 cxd4 21. Qb2 Bd6 22.
Rac1 Bd7 23. Bxa6 Nxe4 24. Bd3 Rb8 25. Rxc6 Qxc6 26. Qc1 Qxc1 27. Rxc1 Bxf5 28.
Bxe4 Bxe4 29. Nxd4 f6 30. a4 Ba3 31. Re1 Bd5 32. Nb5 Be7 33. h3 Rc8 34. Rd1 Bb3
35. Rd7 Rc1+ 36. Kh2 Bc5 37. h4 Bg1+ 38. Kh1 Bxa4 39. Rd8+ Kf7 40. Nd6+ Ke7 41.
Nb7 Bb6+ 0-1

[Event "Mondiale Lampo FIDE 2017"]
[Site "Riyadh"]
[Date "30.12.2017"]
[Round "20.46"]
[White "Al-Sayed, Mohammed"]
[Black "Christiansen, Johan-Sebastian"]
[Result "1-0"]
[WhiteTitle "GM"]
[BlackTitle "IM"]
[WhiteElo "2511"]
[BlackElo "2495"]
[WhiteFideId "12100196"]
[BlackFideId "1512668"]
[EventDate "2017.12.29"]

1. d4 Nf6 2. c3 d5 3. Bg5 Ne4 4. Bf4 c5 5. e3 Nc6 6. Nd2 Nxd2 7. Qxd2 cxd4 8.
exd4 Bf5 9. Nf3 e6 10. Bb5 Bd6 11. Bg3 O-O 12. O-O Rc8 13. Rfe1 Bxg3 14. hxg3
Qb6 15. Bxc6 Qxc6 16. g4 Be4 17. Ne5 Qc7 18. f3 Bg6 19. Kf2 b5 20. a3 a5 21.
Nxg6 hxg6 22. Rh1 b4 23. axb4 axb4 24. Rac1 bxc3 25. bxc3 Ra8 26. g5 Qc4 27. Rc2
Rfc8 28. Qf4 Qd3 29. Rhc1 Ra3 30. Qd6 Qf5 31. Qxa3 Qxg5 32. Qd6 Qh4+ 33. Qg3 Qf6
34. Qe5 Qh4+ 35. Kg1 Ra8 36. c4 Rd8 37. cxd5 Rxd5 38. Rc8+ Kh7 39. Qh2 Qxh2+ 40.
Kxh2 Rxd4 41. R1c4 Rd5 42. Rh4+ Rh5 43. Rxh5+ gxh5 44. Kg3 g5 45. f4 1-0

[Event "Mondiale Lampo FIDE 2017"]
[Site "Riyadh"]
[Date "30.12.2017"]
[Round "20.47"]
[White "McShane, Luke J"]
[Black "Tregubov, Pavel V."]
[Result "1/2-1/2"]
[WhiteTitle "GM"]
[BlackTitle "GM"]
[WhiteElo "2640"]
[BlackElo "2575"]
[WhiteFideId "404853"]
[BlackFideId "4115341"]
[EventDate "2017.12.29"]

1. b3 d5 2. Bb2 Nf6 3. e3 g6 4. Bxf6 exf6 5. d4 f5 6. g3 Bd6 7. Bg2 c6 8. Ne2
O-O 9. O-O Nd7 10. c4 dxc4 11. bxc4 Nf6 12. Nbc3 Qe7 13. c5 Bc7 14. Rb1 h5 15.
h4 Rb8 16. Qd3 Re8 17. a4 Ne4 18. Rb2 b6 19. cxb6 axb6 20. Rc2 Ra8 21. Rfc1 Ra5
22. Nb5 c5 23. Nec3 Nxc3 24. Rxc3 Rxa4 25. Bc6 Bd7 26. Bxd7 Qxd7 27. dxc5 Rd8
28. Qxd7 Rxd7 29. c6 Re7 30. Rd3 Kf8 31. Kg2 Rb4 32. Rd5 f6 33. Ra1 Rc4 34. Nd4
Be5 35. Ra8+ Kf7 36. Rdd8 Bxd4 37. exd4 Rxc6 38. d5 Rc2 39. Rg8 Ree2 40. Rgf8+
Ke7 41. Rae8+ Kd6 42. Rxf6+ Kxd5 43. Rxe2 Rxe2 44. Rxg6 Re6 45. Rg5 Rf6 46. Rxh5
b5 47. g4 b4 48. g5 Re6 49. Rh8 Rb6 50. Rd8+ Ke5 51. Rd2 b3 52. Rb2 Kf4 53. Kh3
Rb7 54. f3 Rb6 55. Kg2 Rb7 56. Kh3 Rb6 57. Kg2 Rb7 58. Kh3 Rb6 59. Kg2 Rb7 1/2-1/2

[Event "Mondiale Lampo FIDE 2017"]
[Site "Riyadh"]
[Date "30.12.2017"]
[Round "20.48"]
[White "Ibrahimov, Rasul"]
[Black "Guseinov, Gadir"]
[Result "0-1"]
[WhiteTitle "GM"]
[BlackTitle "GM"]
[WhiteElo "2518"]
[BlackElo "2646"]
[WhiteFideId "13400495"]
[BlackFideId "13401378"]
[EventDate "2017.12.29"]

1. Nf3 g6 2. d4 Bg7 3. c4 d6 4. Nc3 Nf6 5. e4 O-O 6. Be2 c5 7. d5 e6 8. Nd2 e5
9. Nf1 Na6 10. g4 Nc7 11. a4 a6 12. Ng3 Bd7 13. h3 b5 14. axb5 axb5 15. Rxa8
Qxa8 16. b3 bxc4 17. bxc4 Rb8 18. O-O Qa1 19. Bd2 Qxd1 20. Rxd1 Na6 21. Ra1 Rb6
22. Nb5 Ne8 23. Ba5 Rb8 24. Bd2 Nb4 25. Ra7 Bxb5 26. cxb5 Nc2 27. Ba5 Bf6 28. b6
Bd8 29. Bb5 Nf6 30. Ra6 Nb4 31. Bxb4 cxb4 32. Bc6 Bxb6 33. g5 b3 34. Ra1 Nh5 35.
Nxh5 gxh5 36. Rb1 Bd4 0-1

[Event "Mondiale Lampo FIDE 2017"]
[Site "Riyadh"]
[Date "30.12.2017"]
[Round "20.49"]
[White "Almasi, Zoltan"]
[Black "Kuzubov, Yuriy"]
[Result "0-1"]
[WhiteTitle "GM"]
[BlackTitle "GM"]
[WhiteElo "2682"]
[BlackElo "2699"]
[WhiteFideId "702293"]
[BlackFideId "14112906"]
[EventDate "2017.12.29"]

1. e4 c5 2. Nf3 Nc6 3. d4 cxd4 4. Nxd4 g6 5. c4 Nf6 6. Nc3 d6 7. Be2 Nxd4 8.
Qxd4 Bg7 9. Be3 O-O 10. Qd2 a5 11. Rd1 Be6 12. b3 a4 13. O-O axb3 14. axb3 Nd7
15. Nb5 Nc5 16. Qc2 Qa5 17. Bd4 Qa2 18. Qc3 Bxd4 19. Nxd4 Bd7 20. Qe3 e5 21. Nf3
Bg4 22. Rxd6 Bxf3 23. Bxf3 Nxb3 24. Rb6 Nd4 25. Rxb7 Ra3 26. Qh6 Qxc4 27. Rc1
Qa6 28. Rbb1 Nxf3+ 29. gxf3 Rxf3 30. Re1 Qf6 0-1

[Event "Mondiale Lampo FIDE 2017"]
[Site "Riyadh"]
[Date "30.12.2017"]
[Round "20.50"]
[White "Sargissian, Gabriel"]
[Black "Salgado Lopez, Ivan"]
[Result "1-0"]
[WhiteTitle "GM"]
[BlackTitle "GM"]
[WhiteElo "2672"]
[BlackElo "2644"]
[WhiteFideId "13300881"]
[BlackFideId "2257327"]
[EventDate "2017.12.29"]

1. d4 g6 2. Nf3 Bg7 3. g3 d6 4. Bg2 Nd7 5. O-O Ngf6 6. b3 O-O 7. Bb2 Re8 8. Re1
e5 9. dxe5 Ng4 10. c4 Ndxe5 11. Nxe5 dxe5 12. Nc3 Qxd1 13. Raxd1 e4 14. h3 Nh6
15. Ba1 e3 16. Nd5 exf2+ 17. Kxf2 Bxa1 18. Rxa1 1-0

[Event "Mondiale Lampo FIDE 2017"]
[Site "Riyadh"]
[Date "30.12.2017"]
[Round "20.51"]
[White "El Adnani, Mokliss"]
[Black "Ponkratov, Pavel"]
[Result "0-1"]
[WhiteTitle "IM"]
[BlackTitle "GM"]
[WhiteElo "2448"]
[BlackElo "2613"]
[WhiteFideId "9000410"]
[BlackFideId "4157800"]
[EventDate "2017.12.29"]

1. d4 Nf6 2. Nf3 c5 3. e3 g6 4. Be2 cxd4 5. exd4 Bg7 6. O-O O-O 7. c3 d6 8. h3
Qc7 9. Bf4 b6 10. Re1 Bb7 11. a4 Nc6 12. Bh2 e5 13. Na3 e4 14. Nd2 Qd7 15. Bf1
d5 16. Nb5 Rad8 17. Nb3 Ne8 18. a5 a6 19. Na3 Nxa5 20. Nxa5 bxa5 21. Nc2 a4 22.
Nb4 a5 23. Na6 Bc6 24. Nb8 Rxb8 25. Bxb8 f5 26. Be5 Nc7 27. b3 axb3 28. Qxb3 a4
29. Qa3 Bxe5 30. dxe5 Ne6 31. Red1 f4 32. Qd6 Qxd6 33. exd6 Rd8 34. Rdb1 Kf7 35.
Rb6 Be8 36. Ra6 Kf6 37. Rb1 Ke5 38. Rbb6 Nc5 39. Ra7 Rd7 40. Rb8 Rxa7 41. Rxe8+
Kxd6 0-1

[Event "Mondiale Lampo FIDE 2017"]
[Site "Riyadh"]
[Date "30.12.2017"]
[Round "20.52"]
[White "Kokarev, Dmitry"]
[Black "Dzhumagaliev, Yan"]
[Result "1-0"]
[WhiteTitle "GM"]
[BlackTitle "FM"]
[WhiteElo "2615"]
[BlackElo "2400"]
[WhiteFideId "4132181"]
[BlackFideId "24100110"]
[EventDate "2017.12.29"]

1. e4 c5 2. Nf3 Nc6 3. d4 cxd4 4. Nxd4 e6 5. Nb5 d6 6. Bf4 e5 7. Be3 a6 8. N5c3
Be6 9. Nd5 Bxd5 10. exd5 Nb8 11. c4 Nd7 12. Nc3 Be7 13. g3 f5 14. Bh3 g6 15. O-O
Rc8 16. b3 b5 17. Qe2 Ngf6 18. Rfc1 bxc4 19. bxc4 O-O 20. Rab1 Nc5 21. Bg2 Qa5
22. Bd2 Qa3 23. Rb6 Rb8 24. Rcb1 Rxb6 25. Rxb6 Nfd7 26. Rc6 Rb8 27. Qe1 Bf8 28.
h4 Nd3 29. Qe3 e4 30. h5 N7e5 31. hxg6 hxg6 32. Qg5 Qb2 33. Bxe4 fxe4 34. Kg2
Re8 35. Nxe4 Be7 36. Qh6 Qd4 37. f3 Nxc6 38. Bc3 Ne1+ 39. Kh3 Qxc3 40. Nxc3 Ne5
41. f4 Nf7 42. Qxg6+ Kf8 43. Ne4 Nf3 44. Kg2 Ne1+ 45. Kf1 Nd3 46. Qf5 Rb8 47.
Ng5 Bxg5 48. fxg5 Rb1+ 49. Ke2 Nc1+ 50. Kf3 Kg7 51. Qxb1 1-0

[Event "Mondiale Lampo FIDE 2017"]
[Site "Riyadh"]
[Date "30.12.2017"]
[Round "20.53"]
[White "Short, Nigel D"]
[Black "Tissir, Mohamed"]
[Result "1-0"]
[WhiteTitle "GM"]
[BlackTitle "IM"]
[WhiteElo "2678"]
[BlackElo "2381"]
[WhiteFideId "400025"]
[BlackFideId "9000240"]
[EventDate "2017.12.29"]

1. e4 c5 2. Nf3 d6 3. d4 cxd4 4. Nxd4 Nf6 5. Nc3 a6 6. a4 e5 7. Nf3 h6 8. Bc4
Be7 9. O-O Nc6 10. Qe2 O-O 11. Rd1 Be6 12. Bb3 Rc8 13. Be3 Qc7 14. Nh4 Na5 15.
Bxe6 fxe6 16. Ng6 Rf7 17. Nxe7+ Rxe7 18. Kh1 Rd7 19. f3 d5 20. exd5 exd5 21. Bg1
d4 22. Ne4 Qxc2 23. Rd2 Qc6 24. Nxf6+ Qxf6 25. Re1 Nc6 26. h3 Re8 27. Bh2 Rde7
28. Qe4 Kh8 29. Rc2 Qd6 30. b3 Nb4 31. Rc4 Nc6 32. Rc2 Nb4 33. Rc4 Nc6 34. Qd3
Qd5 35. Bg3 e4 36. fxe4 Rxe4 37. Rxe4 Rxe4 38. Rc5 Qe6 39. Bf2 Rf4 40. Kg1 Qf6
41. Bg3 Ne5 42. Rc8+ 1-0

[Event "Mondiale Lampo FIDE 2017"]
[Site "Riyadh"]
[Date "30.12.2017"]
[Round "20.54"]
[White "Jumabayev, Rinat"]
[Black "Minko, Vladimir"]
[Result "1-0"]
[WhiteTitle "GM"]
[BlackTitle "IM"]
[WhiteElo "2612"]
[BlackElo "2381"]
[WhiteFideId "13702661"]
[BlackFideId "24146706"]
[EventDate "2017.12.29"]

1. Nf3 c5 2. g3 Nc6 3. Bg2 e5 4. O-O g6 5. c4 Bg7 6. Ne1 Nge7 7. Nc3 d6 8. Nc2
O-O 9. d3 Be6 10. Ne3 Qd7 11. a3 Bh3 12. Rb1 Bxg2 13. Kxg2 a5 14. Ned5 Nxd5 15.
Nxd5 Rae8 16. Bd2 f5 17. b4 axb4 18. axb4 Ne7 19. Nc3 b6 20. Bg5 Nc8 21. Bd2 f4
22. f3 fxg3 23. hxg3 Ne7 24. Ne4 Nf5 25. g4 Nd4 26. e3 Ne6 27. bxc5 dxc5 28. Qe2
Qc6 29. Rb3 Rb8 30. Be1 b5 31. cxb5 Rxb5 32. Rxb5 Qxb5 33. Qa2 Re8 34. Nd6 Qc6
35. Nxe8 Qxe8 36. Qc4 h5 37. Bg3 Kh7 38. Rh1 Ng5 39. gxh5 gxh5 40. Qxc5 Qa8 41.
Rxh5+ Kg6 42. Rxg5+ Kxg5 43. Bxe5 Qa2+ 44. Kg3 Bxe5+ 45. Qxe5+ Kg6 46. Qd6+ Kf7
47. Qc7+ Ke6 48. Qc4+ 1-0

[Event "Mondiale Lampo FIDE 2017"]
[Site "Riyadh"]
[Date "30.12.2017"]
[Round "20.55"]
[White "Dervishi, Erald"]
[Black "Al-Saffar, Araz Basim Mohammed S"]
[Result "1-0"]
[WhiteTitle "GM"]
[BlackTitle "IM"]
[WhiteElo "2552"]
[BlackElo "2368"]
[WhiteFideId "4700236"]
[BlackFideId "4801040"]
[EventDate "2017.12.29"]

1. e4 e5 2. Nf3 Nf6 3. Nc3 Bb4 4. d3 d5 5. exd5 Nxd5 6. Bd2 Bxc3 7. bxc3 Nc6 8.
g3 O-O 9. Bg2 Bg4 10. h3 Bf5 11. O-O Qd7 12. Kh2 h6 13. Re1 Rfe8 14. Rb1 b6 15.
c4 Nf6 16. Bc3 Qd6 17. Nxe5 Bd7 18. Nxd7 Qxd7 19. Bxf6 gxf6 20. Qg4+ Qxg4 21.
hxg4 Ne5 22. Bxa8 Rxa8 23. Kh3 Rd8 24. f4 Nc6 25. Re4 Kf8 26. Rbe1 a5 27. R1e3
Nd4 28. c3 Ne6 29. d4 c6 30. Rxe6 fxe6 31. Rxe6 Kf7 32. Rxc6 Rb8 33. a4 Rb7 34.
Kg2 Ke7 35. Kf3 Kf7 36. d5 Rb8 37. Rc7+ Kg8 38. d6 Rd8 39. d7 Kf7 40. Ke4 Ke6
41. Rb7 Kd6 42. Kf5 Ke7 43. Rc7 Kd6 44. Ra7 Ke7 45. Rb7 Rf8 46. d8=Q+ 1-0

[Event "Mondiale Lampo FIDE 2017"]
[Site "Riyadh"]
[Date "30.12.2017"]
[Round "20.56"]
[White "Al-Modiahki, Mohamad"]
[Black "Lodhi, Mahmood"]
[Result "0-1"]
[WhiteTitle "GM"]
[BlackTitle "IM"]
[WhiteElo "2542"]
[BlackElo "2347"]
[WhiteFideId "12100030"]
[BlackFideId "7800010"]
[EventDate "2017.12.29"]

1. e4 d6 2. d4 Nf6 3. Nc3 g6 4. Be3 Bg7 5. Qd2 Ng4 6. Bg5 h6 7. Bh4 Nc6 8. Bb5
a6 9. Bxc6+ bxc6 10. h3 Nf6 11. Nf3 Rb8 12. O-O-O Be6 13. Rhe1 O-O 14. Bxf6 exf6
15. g4 Qc8 16. b3 Qb7 17. d5 Bd7 18. dxc6 Bxc6 19. Nd5 Rfe8 20. c4 a5 21. Qxa5
Ra8 22. Qd2 Bxd5 23. exd5 Reb8 24. Nd4 Qa7 25. Nc6 Qa3+ 26. Qb2 Rb6 27. Qxa3
Rxa3 28. Kb1 Rba6 29. Re2 f5 30. gxf5 gxf5 31. f4 Bf6 32. Rdd2 Kh7 33. Rg2 Ra8
34. Rde2 R3a6 35. a4 Rc8 36. a5 Raa8 37. b4 Bc3 38. Kc2 Bf6 39. b5 h5 40. a6 h4
41. Kd3 Kh6 42. Ne7 Rf8 43. Nxf5+ Kh7 44. Rg4 0-1

[Event "Mondiale Lampo FIDE 2017"]
[Site "Riyadh"]
[Date "30.12.2017"]
[Round "20.57"]
[White "Haddouche, Mohamed"]
[Black "Bukannan, Ahmed A"]
[Result "1-0"]
[WhiteTitle "GM"]
[WhiteElo "2505"]
[BlackElo "1929"]
[WhiteFideId "7900660"]
[BlackFideId "21504164"]
[EventDate "2017.12.29"]

1. Nf3 Nf6 2. g3 g6 3. Bg2 Bg7 4. O-O O-O 5. d3 d5 6. Nbd2 c5 7. e4 Nc6 8. Re1
Bg4 9. h3 Bxf3 10. Bxf3 dxe4 11. dxe4 Nd7 12. Bg2 Qc7 13. c3 Rad8 14. Qc2 Rfe8
15. Bf1 e5 16. a4 a6 17. Nc4 Na5 18. Ne3 Nb6 19. b3 Qc6 20. c4 Qc7 21. Nd5 Nxd5
22. cxd5 Rc8 23. Be3 Qb6 24. Rab1 Qb4 25. Bd2 Qb6 26. Qc3 Nc6 27. dxc6 Qxc6 28.
Bc4 Rcd8 29. Bd5 Qd7 30. Qxc5 Qxh3 31. Rbc1 Rc8 32. Qb6 Rxc1 33. Rxc1 Qh5 34.
Qxb7 Rf8 35. Bb4 Qg5 36. Rc8 Rd8 37. Qxf7+ Kh8 38. Qg8+ 1-0

[Event "Mondiale Lampo FIDE 2017"]
[Site "Riyadh"]
[Date "30.12.2017"]
[Round "20.58"]
[White "Al Ghamdi, Ahmed M"]
[Black "Sanal, Vahap"]
[Result "0-1"]
[WhiteTitle "CM"]
[BlackTitle "GM"]
[WhiteElo "2159"]
[BlackElo "2551"]
[WhiteFideId "21500150"]
[BlackFideId "6300545"]
[EventDate "2017.12.29"]

1. e4 g6 2. d4 Bg7 3. Nc3 d6 4. f4 a6 5. Bd3 Nd7 6. Nf3 b5 7. a4 b4 8. Ne2 Bb7
9. Ng3 c5 10. c3 Ngf6 11. O-O O-O 12. e5 Nd5 13. c4 Nc7 14. exd6 exd6 15. d5 f5
16. Re1 Nf6 17. Ng5 Bc8 18. Bd2 Bd7 19. b3 h6 20. Nf3 Re8 21. Qc2 Rxe1+ 22. Rxe1
Qf8 23. Nh4 Qf7 24. Bc1 Re8 25. Rxe8+ Qxe8 26. Qe2 Qf7 27. Bb2 Nce8 28. h3 Nh7
29. Nf3 Bxb2 30. Qxb2 Ng7 31. Kf2 Nf6 32. Qe2 Nh7 33. Kg1 g5 34. Ne5 dxe5 35.
fxe5 Nf8 36. e6 Nfxe6 37. dxe6 Bxe6 38. Qe5 Qd7 39. Bf1 Qc8 40. Bd3 a5 41. Nf1
Qd7 42. Qe3 f4 43. Qe4 Bf5 44. Qa8+ Qc8 45. Qxc8+ Bxc8 46. Nd2 Bb7 47. Be4 Bxe4
48. Nxe4 Ne6 49. Kf2 Kg7 50. Ke1 Kg6 51. Nd2 Nd4 52. Kf2 Kf5 53. Ke1 h5 54. Kf2
g4 55. Ke1 f3 56. hxg4+ Kxg4 57. gxf3+ Nxf3+ 0-1

[Event "Mondiale Lampo FIDE 2017"]
[Site "Riyadh"]
[Date "30.12.2017"]
[Round "20.59"]
[White "Shytaj, Luca"]
[Black "Omar, Noaman"]
[Result "1-0"]
[WhiteTitle "IM"]
[BlackTitle "IM"]
[WhiteElo "2459"]
[BlackElo "2364"]
[WhiteFideId "812633"]
[BlackFideId "9300244"]
[EventDate "2017.12.29"]

1. b3 d5 2. Bb2 c5 3. f4 Nc6 4. Nf3 Bg4 5. e3 e6 6. h3 Bxf3 7. Qxf3 Nf6 8. g4
Qc7 9. Bg2 O-O-O 10. d3 e5 11. fxe5 Nxe5 12. Qf5+ Ned7 13. O-O Qg3 14. Qf3 Qxf3
15. Bxf3 h6 16. Nc3 Ne5 17. Bg2 Ng6 18. Ne2 Be7 19. Nf4 Nh4 20. Bh1 Rhe8 21.
Rae1 Rf8 22. Bxf6 Bxf6 23. Nxd5 Be5 24. c4 f5 25. gxf5 Nxf5 26. Be4 Nh4 27. Rxf8
Rxf8 28. Bg2 b6 29. Rf1 Rxf1+ 30. Kxf1 Kd7 31. Be4 Ke6 32. b4 g5 33. bxc5 bxc5
34. a4 a5 35. Nb6 Bc7 36. Nd5 Be5 37. Ke2 h5 38. Kd2 Kd6 39. Ke2 Ke6 40. Bf3 Nf5
41. Kf2 Bg3+ 42. Kg2 h4 43. Bg4 Ke5 44. Bxf5 Kxf5 45. Kf3 Bd6 46. Nc3 Be7 47.
Ne4 g4+ 48. hxg4+ Ke5 49. Nf2 Bg5 50. Nh3 Be7 51. Nf4 Bg5 52. Ng6+ Kf6 53. Nf4
Ke5 54. Ne2 Bh6 55. d4+ cxd4 56. exd4+ Kd6 57. Nc3 Bg7 58. Ne4+ Kc6 59. d5+ Kd7
60. g5 Be5 61. Kg4 Ke7 62. Kxh4 Kf7 63. Kg4 Kg6 64. d6 Kf7 65. Kf5 1-0

[Event "Mondiale Lampo FIDE 2017"]
[Site "Riyadh"]
[Date "30.12.2017"]
[Round "20.60"]
[White "Samhouri, A."]
[Black "Lam, Daniel King-wai"]
[Result "1/2-1/2"]
[WhiteTitle "FM"]
[BlackTitle "FM"]
[WhiteElo "2355"]
[BlackElo "2222"]
[WhiteFideId "8100640"]
[BlackFideId "6001238"]
[EventDate "2017.12.29"]

1. Nf3 c5 2. e4 d6 3. d4 cxd4 4. Nxd4 Nf6 5. Nc3 a6 6. Be3 e5 7. Nb3 Be7 8. f3
O-O 9. Qd2 Be6 10. O-O-O Nbd7 11. g4 b5 12. g5 b4 13. Na4 Nh5 14. Rg1 a5 15. Kb1
Qc7 16. Qf2 Qc6 17. Nb6 Nxb6 18. Bxb6 Rfb8 19. Ba7 Rc8 20. Be3 a4 21. Nc1 b3 22.
cxb3 axb3 23. axb3 Qc7 24. Qd2 Qb7 25. Qd3 Qb4 26. Qd2 Qb7 27. Qd3 Qb4 28. Bd2
Qb6 29. Be3 Qb4 30. Bd2 Qb6 31. Be3 1/2-1/2

[Event "Mondiale Lampo FIDE 2017"]
[Site "Riyadh"]
[Date "30.12.2017"]
[Round "20.61"]
[White "Amer, Said Salim Al Maashani"]
[Black "Masrahi, Abdulrahman A"]
[Result "1/2-1/2"]
[WhiteTitle "FM"]
[BlackTitle "CM"]
[WhiteElo "2103"]
[BlackElo "1962"]
[WhiteFideId "22000100"]
[BlackFideId "21501564"]
[EventDate "2017.12.29"]

1. e4 e5 2. Nf3 Nc6 3. d4 exd4 4. Nxd4 Bc5 5. Be3 Qf6 6. Nb5 Bxe3 7. fxe3 Qh4+
8. g3 Qxe4 9. Nxc7+ Kd8 10. Nxa8 Qxh1 11. Qd6 Nf6 12. Nc3 Qf3 13. Qc7+ Ke7 14.
Qf4 Qxf4 15. exf4 d5 16. Nc7 Kd6 17. N7b5+ Ke7 18. O-O-O Rd8 19. Nd4 Ne4 20.
Nxc6+ bxc6 21. Re1 f5 22. g4 h6 23. Bd3 Kf6 24. gxf5 Nxc3 25. bxc3 Bxf5 26. Re5
g6 27. h4 Rd7 28. h5 Bxd3 29. cxd3 g5 30. Re8 gxf4 31. Kd2 Kg5 32. Rg8+ Kf5 33.
Rg6 Rh7 34. Rxc6 Kg5 35. Ke2 Kxh5 36. Kf3 Kg5 37. Rd6 Kf5 38. Rxd5+ Ke6 39. c4
h5 40. Kxf4 h4 41. Re5+ Kd6 42. Re2 h3 43. Rh2 Kc5 44. Ke3 Rh4 45. Kd2 Kd4 46.
Ke2 Rh5 47. Kd2 Rh4 48. Kc2 Rh5 49. Kd2 Rh4 50. a4 a6 51. a5 Rh5 52. Ke2 Rh4 53.
Kd2 Rh5 54. Kc2 Rh4 55. Kd2 Rh5 56. Kc2 Rh4 57. Kd2 Rh5 58. Kc2 Rh4 1/2-1/2

[Event "Mondiale Lampo FIDE 2017"]
[Site "Riyadh"]
[Date "30.12.2017"]
[Round "20.62"]
[White "Saeed, Ishaq"]
[Black "Al-Hajiri, Bader"]
[Result "0-1"]
[WhiteTitle "FM"]
[BlackTitle "FM"]
[WhiteElo "2434"]
[BlackElo "2165"]
[WhiteFideId "9301453"]
[BlackFideId "10300163"]
[EventDate "2017.12.29"]

1. d4 d5 2. c4 e6 3. Nf3 Nf6 4. g3 c6 5. Bg2 dxc4 6. O-O Be7 7. Nc3 Nbd7 8. e4
b5 9. a3 a6 10. Re1 Bb7 11. h4 O-O 12. Bg5 h6 13. Bf4 c5 14. d5 b4 15. d6 bxc3
16. dxe7 Qxe7 17. Bd6 Qd8 18. Bxf8 cxb2 19. Rb1 c3 20. e5 Be4 21. exf6 Bxb1 22.
Qxb1 Nxf8 23. fxg7 Kxg7 24. Qc2 Rb8 25. Qxc3+ Qf6 26. Qc2 Nd7 27. Nd2 Nb6 28.
Ne4 Qd4 29. Qxc5 Qxc5 30. Nxc5 Na4 31. Be4 Nxc5 32. Bc2 Kf6 33. Kg2 e5 34. Kf3
e4+ 35. Kg4 Ke5 36. f3 f5+ 37. Kh5 Kd4 38. fxe4 fxe4 39. Kxh6 Nd3 40. Rb1 Kc3
41. Bd1 Nf2 42. Ba4 Rd8 43. h5 Rd4 44. Bd7 Rxd7 45. Kg5 Kc2 46. Rf1 b1=Q 47.
Rxf2+ Kd3 48. h6 e3 49. Rf3 Ke4 50. Rf4+ Ke5 51. g4 Rd6 52. Rf3 Rg6+ 53. Kh5
Rxg4 54. Kxg4 Qh1 55. Rxe3+ Kd4 56. Rh3 Qe4+ 57. Kg3 Qh7 58. Kg4 a5 59. Kg5 Ke5
60. Kg4 Qg6+ 61. Kf3 Qe4+ 62. Kg3 Qf4+ 63. Kg2 Qg4+ 64. Kh2 Qe2+ 65. Kg3 Qd3+
66. Kg2 Qg6+ 67. Kh2 Qh7 68. Kg3 Kf5 69. Kh2 Kg4 70. Rg3+ Kf4 71. Rh3 Qc2+ 72.
Kh1 Kg4 73. h7 Qd1+ 74. Kh2 Qc2+ 75. Kh1 Qb1+ 76. Kh2 Qb2+ 77. Kh1 Kxh3 0-1

[Event "Mondiale Lampo FIDE 2017"]
[Site "Riyadh"]
[Date "30.12.2017"]
[Round "20.63"]
[White "Salama, Taher"]
[Black "Malakhatko, Vadim"]
[Result "0-1"]
[BlackTitle "GM"]
[WhiteElo "1769"]
[BlackElo "2542"]
[WhiteFideId "11502231"]
[BlackFideId "14104202"]
[EventDate "2017.12.29"]

1. d4 e6 2. c4 Bb4+ 3. Nc3 c5 4. e3 Bxc3+ 5. bxc3 Ne7 6. Nf3 O-O 7. Rb1 d6 8.
Qc2 Nbc6 9. Bd3 h6 10. O-O b6 11. Qe2 Ba6 12. Rd1 Qc7 13. e4 Na5 14. d5 e5 15.
Nd2 f5 16. Nb3 Bc8 17. Nxa5 bxa5 18. a4 f4 19. f3 Bd7 20. Bc2 g5 21. h3 h5 22.
Bd2 Rab8 23. Be1 Ng6 24. Kh2 Kh7 25. Rxb8 Rxb8 26. Rb1 Rxb1 27. Bxb1 Bxa4 28. g4
fxg3+ 29. Bxg3 h4 30. Bf2 Nf4 31. Qf1 Bd7 32. Be3 Nxh3 33. Qg2 Qd8 34. f4 Nxf4
35. Bxf4 gxf4 36. Bc2 Qf6 37. Bd1 Qg6 38. Qf2 Qg3+ 39. Qxg3 hxg3+ 40. Kg2 a4 41.
Kf3 a3 42. Bb3 Kh6 0-1

[Event "Mondiale Lampo FIDE 2017"]
[Site "Riyadh"]
[Date "30.12.2017"]
[Round "20.64"]
[White "Miswadah, Baha"]
[Black "Alanazy, Mohammed"]
[Result "0-1"]
[WhiteElo "1877"]
[BlackElo "1850"]
[WhiteFideId "11502118"]
[BlackFideId "21508488"]
[EventDate "2017.12.29"]

1. e4 e5 2. Nf3 Nc6 3. d4 exd4 4. Nxd4 Bc5 5. Be3 Bxd4 6. Bxd4 Nxd4 7. Qxd4 Qf6
8. e5 Qb6 9. Qxb6 axb6 10. Bd3 Ne7 11. O-O O-O 12. a3 f6 13. Bc4+ Kh8 14. exf6
Rxf6 15. Re1 Ng6 16. Nc3 c6 17. Re8+ Rf8 18. Rae1 d5 19. Bd3 Bd7 20. Bxg6 Bxe8
21. Bd3 Bg6 22. Bxg6 hxg6 23. f3 Rae8 24. Rd1 Re3 25. Kf2 Rfe8 26. Rd2 R3e5 27.
Na4 Rh5 28. h3 Rhe5 29. Nxb6 Re1 30. Na4 Rb1 31. c3 Ree1 32. Nc5 b5 33. Kg3 Kh7
34. Nd7 Re7 35. Nc5 Rbe1 36. Kf2 Kh6 37. Nb3 R1e6 38. Nd4 Rf6 39. Kg3 Rb7 40.
Kf2 c5 41. Ne2 Rd6 42. Ng3 d4 43. Ne4 Rd5 44. cxd4 Rxd4 45. Rc2 c4 46. Nc5 Re7
47. Na6 Red7 48. Ke2 Re7+ 49. Kf2 Re6 50. Nb4 Red6 51. Ke2 Rd1 52. Ke3 Rg1 53.
Kf2 Rdd1 54. Re2 Rb1 55. Nd5 Rgf1+ 56. Kg3 Ra1 57. Nc3 Rfc1 58. Nxb5 Ra2 59. Nd6
c3 60. Re8 cxb2 61. Rh8+ Kg5 62. Ne4+ Kf5 63. Rf8+ Ke6 64. Re8+ Kd7 65. Rb8 b1=Q
66. Nc5+ Kc7 67. Rxb1 Rxb1 68. Ne6+ Kd6 69. Nxg7 Rbb2 70. Ne8+ Ke7 71. Nc7 Rxg2+
72. Kf4 Rxa3 73. Nd5+ Kf7 74. Ne3 Rxe3 75. Kxe3 Rg3 76. Kf4 Rxh3 77. Kg4 Rh5 78.
f4 Rf5 79. Kh4 Rxf4+ 80. Kg5 Rf5+ 81. Kg4 Kf6 0-1

[Event "Mondiale Lampo FIDE 2017"]
[Site "Riyadh"]
[Date "30.12.2017"]
[Round "20.65"]
[White "Farhan, Marwan Ali"]
[Black "Al Zamel, Khaled"]
[Result "1-0"]
[WhiteElo "1975"]
[BlackElo "1942"]
[WhiteFideId "9401652"]
[BlackFideId "21500967"]
[EventDate "2017.12.29"]

1. e4 c6 2. d4 d6 3. Nc3 Qc7 4. Be3 Nf6 5. h3 e5 6. Nf3 Be7 7. Bd3 b6 8. O-O Ba6
9. dxe5 dxe5 10. Qe2 Bxd3 11. Qxd3 Nbd7 12. Ne2 Rd8 13. Ng3 Nc5 14. Qc3 Ncxe4
15. Nxe4 Nxe4 16. Qxe5 Qxe5 17. Nxe5 Bf6 18. Nxc6 Rc8 19. Nxa7 Rxc2 20. Rac1
Rxc1 21. Rxc1 O-O 22. b3 Ra8 23. Bxb6 Nd6 24. Be3 Nf5 25. a4 g6 26. Bb6 Ne7 27.
Nc6 Nd5 28. Bd4 Bg5 29. Rc5 Rc8 30. Rxd5 Rxc6 1-0